000 00559nam a22001697a 4500
999 _c4886
_d4886
003 OSt
005 20181217144353.0
008 181217b ||||| |||| 00| 0 eng d
040 _cDLC
082 _a268.8
_bB915G
100 _aBryant, James W.
245 _aGod Who Speaks and Acts:
_bA Theology Of The Older Testament For The Younger Generation /
_cBy James W. Bryant.
260 _aTexas, USA :
_bCrescendo Book Publications,
_cc1971.
300 _a102 p.:
650 _aA Bible-Centered Sunday School Curriculum
_xHigh School Through Adult
942 _2ddc
_cBK